Представление документа в формате MARC21

Поле Инд. ПП Название Значение
Тип записи a
Библиографический уровень m
001 Контрольный номер RU/IS/BASE/394029610
005 Дата корректировки 20221006154604.9
040 b Код языка каталог. rus
041 0_ a Код языка текста rus
080 a Индекс УДК 004.42
084 a Индекс другой классификации/Индекс ББК 32.973.26-018.2
090 a Полочн. индекс 681.3
x Авторский знак Ф27
097 b Оператор 11
100 1_ a Автор Фатеев А. Е.
245 10 a Заглавие Прикладные программы в системе математического обеспечения ЕС ЭВМ
260 a Место издания М.
b Издательство Статистика
c Дата издания 1976
300 a Объем 184 с.
510 0_ a Примечание о ссылках Книги и методические пособия
650 04 a Основная рубрика 50.41 Программное обеспечение вычислительных машин, комплексов и сетей
x Основная подрубрика 50.41.25 Прикладное программное обеспечение
653 0_ a Ключевые слова электронные вычислительные машины; математическое обеспечение ЭВМ; прикладные программы
700 12 a Другие авторы Ройтман А. И.
700 1_ a Другие авторы Фатеева Т. П.
901 t Тип документа m